000 01177nam a2200301Ia 4500
003 OSt
005 20221005110633.0
006 a|||||r|||| 00| 0
007 ta
008 221004b |||||||| |||| 00| 0 hin d
020 _a9789326350778 (pbk)
_cINR 100.00
024 _a37544
037 _bBW/1694, 15/03/2018, Bookwell
_cTextual
040 _aCRL
_cCRL
_bhin
041 _2hin
_ahin
082 _aO152,8N31x, Q7
100 _aजोशी, शरद, ले.
245 0 _aहम भ्रष्टन के भ्रष्ट हमारे
246 _aHam bhraṣhṭan ke bhraṣhṭa hamāre
250 _aसंस्करण 13
260 _aनई दिल्ली
_bभारतीय ज्ञानपीठ भारत
_c2017
300 _a143पृ0
_ccm.
490 _aलोकोदय ग्रन्थमाला; ग्रन्थांक 591
650 _a हिन्दी साहित्य
650 _aहिन्दी हास्य व्यग्ंय
942 _hO152,8N31x, Q7
_cTEXL
_2cc
999 _c1019418
_d1019418